Top 30 : Mariah Carey - Statistiques

Statistiques générales
  • Ce quiz a été pris 38 fois
  • Le résultat moyen est 12 sur 30
Statistiques - réponses
Top Titres Featuring % Correct
1 All I Want for Christmas Is You
81%
21 All I Want For Christmas Is You (SuperFestive!) Justin Bieber
81%
8 Hero
72%
12 My All
69%
4 Fantasy
66%
27 Fantasy Ol' Dirty Bastard
66%
2 We Belong Together
66%
9 Without You
63%
20 Emotions
59%
10 Touch My Body
56%
13 When You Believe Whitney Houston
56%
11 One Sweet Day Boyz II Men
50%
5 Always Be My Baby
47%
3 Obsessed
44%
16 Heartbreaker JAY-Z
41%
26 Honey
41%
6 I Know What You Want Busta Rhymes, Flipmode Squad
34%
23 It's Like That Jermaine Dupri, Fatman Scoop
31%
22 Oh Santa! Ariana Grande, Jennifer Hudson
28%
14 Shake It Off
28%
19 Endless Love Luther Vandross
25%
30 I'll Be There
25%
28 Against All Odds (Take A Look at Me Now) Westlife
19%
7 Christmas (Baby Please Come Home)
19%
18 #Beautiful Miguel
16%
17 Big Energy - Remix Latto, DJ Khaled
13%
25 Bye Bye
13%
15 O Holy Night
9%
24 Santa Claus Is Comin' to Town
3%
29 Silent Night
3%
Aucun quiz correspondant
Distribution des résultats
% des personnes avec chaque résultat
Percentile par nombre de réponses
Votre historique - résultats
Vous n’avez pas pris ce quiz